000 00885nas a2200301 4500
001 BR2015005266
003 BR-BrBNA
005 20231205125750.0
007 ta
008 230509b bl.|||p| |||| 00| 00por d
040 _aBR-BrBNA
_bpor
_cBiblioteca Nacional de Agricultura
041 _a(Pt)
072 _aQ60; H50
100 1 _aMorais, J.P.S.
100 1 _aMedeiros, E.P. de
100 1 _aMilani, M.
100 1 _aSoares, L.
100 1 _aBeltrão, N.
245 1 _aTorta de mamona destoxificada: Embrapa desenvolve tecnologia para controle de qualidade
650 _aMAMONA
650 _aPRODUCAO VEGETAL
650 _aTORTA
650 _aCONTROLE DE QUALIDADE
650 _aTOXIDEZ
773 0 _tAgroenergia em revista (Brazil)
_xISSN 2238-1023
_g(Jul 2013), v. 3(6) p. 44-45
_wBR2015005266
909 _a202311
_bLúcia
_c55
_dLúcia Elande
942 _2AGRIS
_n0
_cANA
999 _c246013
_d246013